000 00931nam a2200265Ia 4500
003 OSt
005 20221005112644.0
006 a|||||r|||| 00| 0
007 ta
008 221004b |||||||| |||| 00| 0 pan d
020 _c300
024 _a80598
037 _b574, 03/02/2012, H.K. Prakashan
_cTextual
040 _aCRL
_cCRL
_bpan
041 _2pan
_apan
082 _aY592.236, 153P7
100 _aਕਿਰਪਾਲ ਸਿੰਘ, ਦਰਦੀ
245 0 _aਪੰਜਾਬ ਦੀਆਂ ਜਾਤਾਂ ਤੇ ਗੋਤ
260 _aਜਲੰਧਰ
_bਨਿਊ ਬੁੱਕ ਕੰਪਨੀ ਭਾਰਤ
_c2007
300 _a280ਪੰ
_ccm.
650 _a ਸਮਾਜ Fਾਸਤਰ
650 _aਸਰੁਾਂਜ਼ FੳFਞਟਾਂਨ
942 _hY592.236, 153P7
_cTEXL
_2cc
999 _c1025545
_d1025545